01533nam a2200373 a 4500001001000000003000500010005001700015008004100032010001100073011001100084040000900095090001000104100003800114245018000152260004100332500006000373502007700433590004100510590004000551590004000591650002100631650003600652650002500688650002200713650003300735700003600768856007000804901000700874942001000881942000600891999001900897952011900916952012401035000109211CHAP20220329144042.0140409s2013 mx sm |||||||spa d a105673 a106645 cCHAP aTesis1 aOrtíz Arellano, Eleazar912637010aEvaluación de cepas de micorrizas como suplemento a la nutrición convencional en calabaza (Cucurbita pepo L.) bajo invernaderoh[En línea]cpor Eleazar Ortíz Arellano. aChapingo, Méx. :bEl autor,c2013. aPara ver el contenido del material haga clic en la liga aTesis (Ing. Agr. Esp. en Fitotecnia) -- UACH. Departamento de Fitotecnia aBATCH-UPDb05c20141002lUCH01h0900 aE6096MTMb05c20140409lUCH01h1433 aE6096MTMb05c20140409lUCH01h143514aCalabaza.91726114aCultivos en invernadero.93037614aEvaluación.93891314aMicorriza.97548614aPlantasxNutrición.9888741 aTepetate Manuel, Marcos9126371 aFinding aiduhttp://10.13.5.2/tesis/sist109211.pdfzTeclea aquí aBK cTESIS n0 c105673d105673 00102local40718TESISaBCbBCd2014-04-09fTESISl0oTesisp33724002361322r2019-12-31 00:00:00w2014-04-09yCD 00102local40718TESISaBCbBCd2014-04-09fTESISl0oTesisp33724002361363r2019-12-31 00:00:00tc.2w2014-04-09yCD